Verifikácia vybraných modelov predikcie bankrotu v automobilovom priemysle Slovenskej republiky

Cieľom príspevku je porovnať vybrané ex ante metódy, ktoré slúžia na predikciu finančného zdravia alebo finančnej tiesne. Úvodná časť obsahuje teoretické poznatky z tejto problematiky, popis vybraných predikčných modelov. V ďalšej časti je uvedený cieľ príspevku a metodika riešenia príspevku. Nasled...

Descrizione completa

Salvato in:
Dettagli Bibliografici
Autore principale: Kronová, Jana
Altri autori: Pekarčíková, Miriam, Trebuňa, Peter
Natura: Capitolo di libro
Lingua:slovacco
Soggetti:
Tags: Aggiungi Tag
Nessun Tag, puoi essere il primo ad aggiungerne!!

MARC

LEADER 00000naa a2200000 4500
001 0313051
005 20251105101431.1
041 0 |a slo 
044 |a SK 
245 1 0 |a Verifikácia vybraných modelov predikcie bankrotu v automobilovom priemysle Slovenskej republiky  |c Jana Kronová, Miriam Pekarčíková, Peter Trebuňa 
520 |a Cieľom príspevku je porovnať vybrané ex ante metódy, ktoré slúžia na predikciu finančného zdravia alebo finančnej tiesne. Úvodná časť obsahuje teoretické poznatky z tejto problematiky, popis vybraných predikčných modelov. V ďalšej časti je uvedený cieľ príspevku a metodika riešenia príspevku. Nasleduje interpretácia výsledkov aplikácie vybraných predikčných modelov pri hodnotení finančného zdravia spoločností pôsobiacich v oblasti automobilovej výroby v Slovenskej republike. Dátová matica pozostáva z finančných a účtovných ukazovateľov 351 podnikov. Výsledkom je porovnanie aplikovaných predikčných modelov. 
610 2 0 |a modely 
610 2 0 |a podnik 
610 2 0 |a situácia finančná podniku 
610 2 0 |a bankrot 
610 2 0 |a zdravie podniku finančné 
610 2 0 |a algoritmy 
100 1 |a Kronová, Jana 
700 1 |a Pekarčíková, Miriam 
700 1 |a Trebuňa, Peter